00282nam a22000977a 4500008004100000082001500041100002200056245005400078260004300132300000900175230619b xxu||||| |||| 00| 0 eng d a174.3bFRA cLuis G Franceschi aLegal Ethics and Jurisprudence in Nation Building aNirobibLawAfrica Publishing Ltdc2005 a322p